Harry Potter - Grupy rzeczy/postaci/... cz.2 - Statystyki

Ogólne statystyki
  • Ten quiz został rozwiązany 160 razy
  • Średni wynik to 20 z 37
Statystyki odpowiedzi
Hint Odpowiedź % Poprawnych
Skrzaty Domowe Zgredek
98%
Osoby, które zniszczyły horkruks Harry Potter
96%
Osoby, które zniszczyły horkruks Hermiona Granger
96%
Osoby, które zniszczyły horkruks Ron Weasley
96%
Szkoły Magii Hogwart
95%
Członkowie Rodu Black poznani przez Harrego Syriusz Black
95%
Osoby, które zniszczyły horkruks Neville Longbottom
90%
Członkowie Rodu Black poznani przez Harrego Bellatrix Lestrange
83%
Osoby, które zniszczyły horkruks Albus Dumbledore
81%
Pułapki chroniące Kamień Filozoficzny Szachownica (McGonagall)
81%
Skrzaty Domowe Stworek
79%
Szkoły Magii Durmstrang
72%
Pułapki chroniące Kamień Filozoficzny Latające klucze (Flitwick+Hooch)
72%
Pułapki chroniące Kamień Filozoficzny Puszek (Hagrid)
72%
Osoby, które zniszczyły horkruks Voldemort
71%
Członkowie Rodu Black poznani przez Harrego Narcyza Malfoy
70%
Hasła do Gabinetu Dyrektora Dumbledore
67%
Członkowie Rodu Black poznani przez Harrego Draco Malfoy
59%
Pułapki chroniące Kamień Filozoficzny Eliksiry (Snape)
56%
Skrzaty Domowe Mrużka
53%
Pułapki chroniące Kamień Filozoficzny Diabelskie Sidła (Sprout)
48%
Członkowie Rodu Black poznani przez Harrego Nimfadora Tonks
46%
Szkoły Magii Beauxbatons
45%
Członkowie Rodu Black poznani przez Harrego Andromeda Tonks
44%
Hasła do Gabinetu Dyrektora Cytrynowy sorbet
44%
Pułapki chroniące Kamień Filozoficzny Ain Eingarp (Dumbledore)
36%
Pułapki chroniące Kamień Filozoficzny Troll (Quirrell)
29%
Miejsca chronione zaklęciem Fideliusa Siedziba Zakonu Feniksa
26%
Osoby, które zniszczyły horkruks Vincent Crabb
25%
Miejsca chronione zaklęciem Fideliusa Dom Potterów
24%
Skrzaty Domowe Bujdka
19%
Miejsca chronione zaklęciem Fideliusa Muszelka
17%
Hasła do Gabinetu Dyrektora Musy-świstusy
16%
Hasła do Gabinetu Dyrektora Karaluchowy blok
12%
Hasła do Gabinetu Dyrektora Kwachy
12%
Hasła do Gabinetu Dyrektora Kajmakowe eklerki
5%
Miejsca chronione zaklęciem Fideliusa Dom ciotki Muriel
4%
Nie znaleziono quizów pasujących do podanych kryteriów
Rozkład punktacji
Procent ludzi z każdym wynikiem
Percentyl według liczby udzielonych odpowiedzi
Twoja historia wyników
Nie rozwiązałeś tego quizu